000 00291nam a2200121Ia 4500
008 241028s9999 xx 000 0 und d
041 _aeng
082 _a006.3 HUR
100 _aHurwitz
245 _aBig Data For Dummies
260 _bWiley India
_aNew Delhi
_c2013
300 _a312;. P. 23 cm
999 _c43071
_d43071